Kỹ thuật trồng và ghép sứ Thái nhiều màu /
Saved in:
| Main Author: | |
|---|---|
| Format: | Book (Paper) |
| Language: | Vietnamese |
| Published: |
H. :
Trẻ,
2004
|
| Subjects: | |
| Tags: |
Add Tag
No Tags, Be the first to tag this record!
|
| Institutions: | Thư viện Trường Đại học Đà Lạt |
|---|
| LEADER | 00749nam a2200313 4500 | ||
|---|---|---|---|
| 001 | DLU050049018 | ||
| 005 | ##20051025 | ||
| 040 | # | # | |a DLU |b vie |
| 041 | # | # | |a vie |
| 044 | # | # | |a vn |
| 082 | # | # | |a 635.9 |b HU-T |
| 100 | # | # | |a Huỳnh Văn Thới |
| 245 | # | # | |a Kỹ thuật trồng và ghép sứ Thái nhiều màu / |c Huỳnh Văn Thới |
| 260 | # | # | |a H. : |b Trẻ, |c 2004 |
| 300 | # | # | |a 126 tr. ; |c 20 cm |
| 653 | # | # | |a Cây cảnh |
| 653 | # | # | |a Hoa sứ |
| 653 | # | # | |a Kỹ thuật trồng trọt |
| 653 | # | # | |a Lai giống |
| 923 | # | # | |a 46/2005 |
| 992 | # | # | |a 18.000 |
| 994 | # | # | |a DLU |
| 900 | # | # | |a True |
| 911 | # | # | |a Đào Thị Thu Huyền |
| 925 | # | # | |a G |
| 926 | # | # | |a A |
| 927 | # | # | |a SH |
| 980 | # | # | |a Thư viện Trường Đại học Đà Lạt |